[Event "Canadian zt"]
[Site "Toronto"]
[Date "2024.04.01"]
[Round "9"]
[White "Li, William"]
[Black "Latorre, Vincent"]
[Result "0-1"]
[WhiteElo "2103"]
[BlackElo "2181"]
[PlyCount "86"]
[EventDate "2024.03.27"]
[EventType "team-swiss"]
[EventRounds "10"]
[EventCountry "CAN"]
[SourceTitle "CBM 219 Extra"]
[Source "ChessBase"]
[SourceDate "2024.05.31"]
[SourceVersion "1"]
[SourceVersionDate "2024.05.31"]
[SourceQuality "1"]

1. d4 Nf6 2. c4 g6 3. f3 Bg7 4. e4 d6 5. Nc3 0-0 6. Nge2 c5 7. d5 e6 8. Ng3 exd5 9. cxd5 a6 10. a4 h5 11. Bg5 Qe8 12. Be2 Nbd7 13. 0-0 Nh7 14. Be3 h4 15. Nh1 f5 16. Qd2 Ne5 17. Nf2 Rb8 18. f4 Nf7 19. e5 Qe7 20. e6 Nh6 21. a5 b5 22. axb6 Rxb6 23. Bc4 Bb7 24. Rad1 Rc8 25. Rfe1 Bf8 26. g3 Nf6 27. Na4 Rb5 28. Bxb5 axb5 29. Nb6 Rd8 30. b4 Qc7 31. Qb2 Be7 32. bxc5 dxc5 33. Qxb5 Nxd5 34. Nxd5 Bxd5 35. Nd3 Bc6 36. Qc4 Bd5 37. Qc3 h3 38. Bxc5 Be4 39. Qb4 Rb8 40. Qd4 Rd8 41. Qb4 Rxd3 42. Bxe7 Qc2 43. Qb8+ Kh7 0-1

[Event "Toronto Annex op"]
[Site "Toronto"]
[Date "2023.09.04"]
[Round "5"]
[White "Li, William"]
[Black "Chen, Max"]
[Result "0-1"]
[WhiteElo "2130"]
[BlackElo "2176"]
[PlyCount "40"]
[EventDate "2023.09.02"]
[EventType "swiss"]
[EventRounds "6"]
[EventCountry "CAN"]
[SourceTitle "CBM 216 Extra"]
[Source "ChessBase"]
[SourceDate "2023.11.30"]
[SourceVersion "1"]
[SourceVersionDate "2023.11.30"]
[SourceQuality "1"]

1. d4 Nf6 2. c4 e6 3. Nc3 Bb4 4. e3 b6 5. Bd3 Bb7 6. Nf3 0-0 7. 0-0 Bxc3 8. bxc3 c5 9. Rb1 d6 10. a4 Nc6 11. d5 Na5 12. e4 Nd7 13. e5 dxe5 14. dxe6 e4 15. exd7 Qxd7 16. Bxe4 Qd6 17. Qd2 Qxd2 18. Bxh7+ Kxh7 19. Rd1 Kg6 20. h4 Nxc4 0-1

[Event "Quebec op"]
[Site "Laval"]
[Date "2022.09.01"]
[Round "1"]
[White "Adam, Rafael"]
[Black "Li, William"]
[Result "1/2-1/2"]
[WhiteElo "1864"]
[BlackElo "2106"]
[PlyCount "89"]
[EventDate "2022.09.01"]
[EventType "swiss"]
[EventRounds "9"]
[EventCountry "CAN"]
[SourceTitle "CBM 210 Extra"]
[Source "ChessBase"]
[SourceDate "2022.11.30"]
[SourceVersion "1"]
[SourceVersionDate "2022.11.30"]
[SourceQuality "1"]

1. d4 Nf6 2. c4 e6 3. g3 Bb4+ 4. Bd2 c5 5. Nf3 Nc6 6. Bxb4 cxb4 7. Bg2 d6 8. 0-0 e5 9. dxe5 dxe5 10. Qxd8+ Kxd8 11. a3 bxa3 12. Nxa3 Ke7 13. Rfd1 Be6 14. b3 a6 15. Nc2 h6 16. Nfe1 e4 17. Nd4 Nxd4 18. Rxd4 Rad8 19. e3 b5 20. Bf1 bxc4 21. bxc4 Ra8 22. Nc2 Rhb8 23. c5 a5 24. Bc4 Rc8 25. Bxe6 Kxe6 26. Rda4 Rxc5 27. Nd4+ Kd5 28. Nb3 Rb5 29. Rxa5 Rbxa5 30. Rxa5+ Rxa5 31. Nxa5 g5 32. Nb7 Ng8 33. Kg2 f5 34. Nd8 g4 35. h3 h5 36. h4 Nf6 37. Nf7 Ne8 38. Nh8 Kc4 39. Ng6 Ng7 40. Nf4 Kc3 41. Kf1 Kd2 42. Kg1 Ke1 43. Ng2+ Ke2 44. Nf4+ Ke1 45. Ng2+ 1/2-1/2

[Event "Titled Tuesday intern op 5th May"]
[Site "Chess.com INT"]
[Date "2020.05.05"]
[Round "4"]
[White "Li, William"]
[Black "Cernousek, Lukas"]
[Result "0-1"]
[WhiteElo "2198"]
[BlackElo "2460"]
[PlyCount "50"]
[EventDate "2020.05.05"]
[EventType "swiss (blitz)"]
[EventRounds "10"]
[EventCountry "USA"]
[SourceTitle "EXT 2021"]
[Source "ChessBase"]
[SourceDate "2020.10.23"]
[SourceVersion "1"]
[SourceVersionDate "2020.10.23"]
[SourceQuality "1"]

1. e4 e6 2. d4 d5 3. Nd2 c5 4. exd5 Qxd5 5. Ngf3 cxd4 6. Bc4 Qc5 7. 0-0 Nc6 8. Qe2 Be7 9. Nb3 Qb6 10. Rd1 Bf6 11. a4 Nge7 12. a5 Qc7 13. Nbxd4 Nxd4 14. Nxd4 a6 15. Be3 0-0 16. Ra3 Bd7 17. b4 Rac8 18. Bd3 Nd5 19. Bd2 Bxd4 20. Qe4 Bxf2+ 21. Kxf2 Qxh2 22. c4 Nf6 23. Qxb7 Bc6 24. Qxa6 Ng4+ 25. Ke1 Qg3+ 0-1

[Event "Titled Tuesday intern op 21st April"]
[Site "Chess.com INT"]
[Date "2020.04.21"]
[Round "6"]
[White "Li, William"]
[Black "Milchev, Nikolay"]
[Result "1/2-1/2"]
[WhiteElo "2198"]
[BlackElo "2408"]
[PlyCount "127"]
[EventDate "2020.04.21"]
[EventType "swiss (blitz)"]
[EventRounds "10"]
[EventCountry "USA"]
[SourceTitle "EXT 2021"]
[Source "ChessBase"]
[SourceDate "2020.10.23"]
[SourceVersion "1"]
[SourceVersionDate "2020.10.23"]
[SourceQuality "1"]

1. e4 e5 2. Nf3 Nc6 3. Bb5 Nge7 4. 0-0 a6 5. Be2 g6 6. c3 Bg7 7. d4 exd4 8. cxd4 d6 9. Nc3 0-0 10. Bg5 h6 11. Bh4 g5 12. Bg3 Ng6 13. Qd2 Bg4 14. d5 Bxf3 15. dxc6 Bxe2 16. cxb7 Bxf1 17. bxa8Q Qxa8 18. Rxf1 Rb8 19. b3 c5 20. Nd5 Rd8 21. Qa5 Be5 22. Bxe5 Nxe5 23. f4 gxf4 24. Rxf4 Kg7 25. Qc7 Rd7 26. Qa5 Qb7 27. Qc3 Qb5 28. h4 Qd3 29. Qxd3 Nxd3 30. Rg4+ Kf8 31. Nf6 Rb7 32. Rg8+ Ke7 33. Nd5+ Kd7 34. Ra8 Nb4 35. Kf2 Nxa2 36. Rxa6 Nb4 37. Rb6 Rxb6 38. Nxb6+ Kc6 39. Nc4 Nd3+ 40. Ke3 Nc1 41. Nd2 Kb5 42. Kf4 Kb4 43. g4 Nxb3 44. Nf1 Nd4 45. g5 hxg5+ 46. Kxg5 Nf3+ 47. Kg4 Nxh4 48. Kxh4 c4 49. Kg5 c3 50. Ne3 Kc5 51. Nc2 Kc4 52. Kf5 Kd3 53. Nb4+ Ke3 54. Nd5+ Kd3 55. Nxc3 Kxc3 56. e5 d5 57. Kf6 d4 58. Kxf7 d3 59. e6 d2 60. e7 d1Q 61. e8Q Qh5+ 62. Kf8 Qh8+ 63. Ke7 Qxe8+ 64. Kxe8 1/2-1/2

[Event "Titled Tuesday intern op 21st April"]
[Site "Chess.com INT"]
[Date "2020.04.21"]
[Round "3"]
[White "Li, William"]
[Black "Roberson, Peter T"]
[Result "1-0"]
[WhiteElo "2198"]
[BlackElo "2437"]
[PlyCount "143"]
[EventDate "2020.04.21"]
[EventType "swiss (blitz)"]
[EventRounds "10"]
[EventCountry "USA"]
[SourceTitle "EXT 2021"]
[Source "ChessBase"]
[SourceDate "2020.10.23"]
[SourceVersion "1"]
[SourceVersionDate "2020.10.23"]
[SourceQuality "1"]

1. e4 e6 2. d4 d5 3. Nd2 c5 4. exd5 Qxd5 5. Ngf3 cxd4 6. Bc4 Qd7 7. 0-0 Nc6 8. Nb3 a6 9. Nbxd4 Nxd4 10. Qxd4 Qxd4 11. Nxd4 Bd7 12. Bf4 Rc8 13. Bb3 Nf6 14. Rfe1 Bc5 15. Nf5 0-0 16. Nd6 Nh5 17. Be5 Bxd6 18. Bxd6 Rfd8 19. Be7 Re8 20. Bb4 Bc6 21. Rad1 Nf6 22. Ba5 Bd5 23. Bxd5 Nxd5 24. b3 b6 25. c4 bxa5 26. cxd5 exd5 27. Rxe8+ Rxe8 28. Kf1 Rd8 29. Rd4 f6 30. Ra4 Kf7 31. Ke2 Rd6 32. Rxa5 Ke6 33. Kd3 Rc6 34. Kd2 Ke5 35. Ra4 d4 36. Kd3 Rc3+ 37. Kd2 Rc6 38. f3 g5 39. Ra5+ Kf4 40. Rd5 Rb6 41. Rxd4+ Ke5 42. Rc4 h5 43. Re4+ Kd5 44. Re8 h4 45. g3 hxg3 46. hxg3 a5 47. Ra8 Rb5 48. Kd3 Ke5 49. Kc4 Rb4+ 50. Kc3 Rb5 51. a3 Kf5 52. Rd8 g4 53. Rd3 gxf3 54. Rxf3+ Kg4 55. Rxf6 Kxg3 56. Kc4 Rb8 57. Ra6 Rc8+ 58. Kb5 Rb8+ 59. Ka4 Kf3 60. Rxa5 Ke3 61. Rc5 Kf3 62. b4 Ke4 63. Rc1 Kd4 64. b5 Ra8+ 65. Kb4 Rb8 66. a4 Kd5 67. a5 Kd6 68. a6 Rf8 69. b6 Rf2 70. a7 Rb2+ 71. Ka3 Ra2+ 72. Kxa2 1-0

[Event "Titled Tuesday intern op 21st April"]
[Site "Chess.com INT"]
[Date "2020.04.21"]
[Round "9"]
[White "Pantzar, Milton"]
[Black "Li, William"]
[Result "1-0"]
[WhiteElo "2417"]
[BlackElo "2198"]
[PlyCount "65"]
[EventDate "2020.04.21"]
[EventType "swiss (blitz)"]
[EventRounds "10"]
[EventCountry "USA"]
[SourceTitle "EXT 2021"]
[Source "ChessBase"]
[SourceDate "2020.10.23"]
[SourceVersion "1"]
[SourceVersionDate "2020.10.23"]
[SourceQuality "1"]

1. d4 Nf6 2. Nf3 b6 3. g3 Bb7 4. Bg2 e6 5. 0-0 c5 6. c4 cxd4 7. Qxd4 Be7 8. Bf4 d6 9. Qd2 e5 10. Bg5 Ne4 11. Bxe7 Nxd2 12. Bxd8 Nxf3+ 13. Bxf3 Bxf3 14. exf3 Kxd8 15. Nc3 Nc6 16. Kg2 Nd4 17. Rad1 Rc8 18. b3 a6 19. f4 b5 20. fxe5 dxe5 21. Ne2 bxc4 22. Nxd4 exd4 23. Rxd4+ Ke7 24. Re1+ Kf6 25. Rd6+ Kf5 26. bxc4 Rxc4 27. Rxa6 Rd8 28. Re7 f6 29. Rxg7 Rd2 30. Rf7 Rcc2 31. Rfxf6+ Kg5 32. h4+ Kh5 33. Ra5+ 1-0

[Event "Titled Tuesday intern op 14th April"]
[Site "Chess.com INT"]
[Date "2020.04.14"]
[Round "4"]
[White "Ghimpu, Samuel Timotei"]
[Black "Li, William"]
[Result "1-0"]
[WhiteElo "2302"]
[BlackElo "2198"]
[PlyCount "101"]
[EventDate "2020.04.14"]
[EventType "swiss (blitz)"]
[EventRounds "10"]
[EventCountry "USA"]
[SourceTitle "EXT 2021"]
[Source "ChessBase"]
[SourceDate "2020.10.23"]
[SourceVersion "1"]
[SourceVersionDate "2020.10.23"]
[SourceQuality "1"]

1. e4 c5 2. Nf3 d6 3. d4 cxd4 4. Nxd4 Nf6 5. Nc3 a6 6. h3 e5 7. Nde2 b5 8. g4 b4 9. Nd5 Nxd5 10. Qxd5 Ra7 11. Bg2 Be6 12. Qd1 Be7 13. 0-0 0-0 14. a3 b3 15. cxb3 a5 16. Nc3 Nc6 17. Be3 Rb7 18. Nd5 Qb8 19. b4 axb4 20. a4 Bd8 21. b3 Ne7 22. a5 Nxd5 23. exd5 Bd7 24. a6 Rb5 25. a7 Qa8 26. Qd2 Bb6 27. Rfc1 f5 28. Ra6 Bxe3 29. Qxe3 fxg4 30. Rxd6 gxh3 31. Rxd7 hxg2 32. Qg5 g6 33. Qh6 Rf7 34. Rcc7 Rxd5 35. Qg7+ Kxg7 36. Rxf7+ Kh6 37. Rxh7+ Kg5 38. Rb7 Rd1+ 39. Kxg2 Qd8 40. Rhd7 Rxd7 41. Rxd7 Qa8+ 42. Kg3 Kf5 43. f3 e4 44. Rg7 exf3 45. Kf2 Kf6 46. Rd7 g5 47. Rd6+ Kf5 48. Ra6 Kg4 49. Ra4 Kh3 50. Ra6 g4 51. Rh6# 1-0

[Event "Titled Tuesday intern op 14th April"]
[Site "Chess.com INT"]
[Date "2020.04.14"]
[Round "8"]
[White "Oyama, Akito"]
[Black "Li, William"]
[Result "1-0"]
[WhiteElo "2197"]
[BlackElo "2198"]
[PlyCount "57"]
[EventDate "2020.04.14"]
[EventType "swiss (blitz)"]
[EventRounds "10"]
[EventCountry "USA"]
[SourceTitle "EXT 2021"]
[Source "ChessBase"]
[SourceDate "2020.10.23"]
[SourceVersion "1"]
[SourceVersionDate "2020.10.23"]
[SourceQuality "1"]

1. e4 c5 2. Ne2 Nc6 3. g3 e5 4. Bg2 g6 5. c3 Bg7 6. 0-0 Nge7 7. Na3 d6 8. Nc2 0-0 9. d4 exd4 10. cxd4 Qc7 11. Be3 b6 12. Nc3 Ba6 13. Re1 Rfe8 14. Qd2 Rad8 15. Rad1 Na5 16. Bf4 Qc8 17. Qc1 cxd4 18. Nxd4 Nec6 19. Nf3 Ne5 20. Bh6 Nd3 21. Rxd3 Bxd3 22. Bxg7 Kxg7 23. h4 Qc5 24. Qd2 Ba6 25. Nd5 Nc4 26. Qg5 Re6 27. h5 Ne5 28. h6+ Kg8 29. Qxd8+ 1-0

[Event "Titled Tuesday intern op 14th April"]
[Site "Chess.com INT"]
[Date "2020.04.14"]
[Round "6"]
[White "Storey, Charles"]
[Black "Li, William"]
[Result "1-0"]
[WhiteElo "2220"]
[BlackElo "2198"]
[PlyCount "75"]
[EventDate "2020.04.14"]
[EventType "swiss (blitz)"]
[EventRounds "10"]
[EventCountry "USA"]
[SourceTitle "EXT 2021"]
[Source "ChessBase"]
[SourceDate "2020.10.23"]
[SourceVersion "1"]
[SourceVersionDate "2020.10.23"]
[SourceQuality "1"]

1. g3 c5 2. Bg2 Nc6 3. c4 g6 4. Nf3 Bg7 5. Nc3 e5 6. d3 Nge7 7. h4 h6 8. Bd2 d6 9. Nd5 Nxd5 10. cxd5 Ne7 11. e4 Bg4 12. b4 cxb4 13. Bxb4 0-0 14. Qb3 f5 15. Nd2 b5 16. f3 Bh5 17. Qa3 Qb6 18. Bxd6 Qe3+ 19. Kd1 fxe4 20. dxe4 Qf2 21. Bxe7 Qxg2 22. Re1 Rxf3 23. Nxf3 Bxf3+ 24. Kc1 Rc8+ 25. Bc5 Bf8 26. d6 Bxd6 27. Qb3+ Kg7 28. Kb1 Bxe4+ 29. Rxe4 Qxe4+ 30. Kb2 Rxc5 31. Rd1 Qe2+ 32. Kb1 Be7 33. g4 Rc4 34. a3 Qe4+ 35. Ka1 Rd4 36. Rf1 Rd3 37. Qf7+ Kh8 38. Qe8+ 1-0

[Event "Titled Tuesday intern op 7th April"]
[Site "Chess.com INT"]
[Date "2020.04.07"]
[Round "8"]
[White "Bommini, Mounika Akshaya"]
[Black "Li, William"]
[Result "1-0"]
[WhiteElo "2029"]
[BlackElo "2198"]
[PlyCount "57"]
[EventDate "2020.04.07"]
[EventType "swiss (blitz)"]
[EventRounds "10"]
[EventCountry "USA"]
[SourceTitle "EXT 2021"]
[Source "ChessBase"]
[SourceDate "2020.10.23"]
[SourceVersion "1"]
[SourceVersionDate "2020.10.23"]
[SourceQuality "1"]

1. d4 Nf6 2. c4 e6 3. Nc3 Bb4 4. f3 c5 5. d5 d6 6. a3 Ba5 7. e4 b5 8. cxb5 exd5 9. exd5 0-0 10. Bc4 Nh5 11. g3 Re8+ 12. Nge2 Bh3 13. Kf2 Nd7 14. Ne4 Ne5 15. Ba2 Nxf3 16. Kxf3 Rxe4 17. Kxe4 Qf6 18. Nf4 Bg2+ 19. Nxg2 Re8+ 20. Kd3 Qf5+ 21. Kc4 Re4+ 22. Kb3 c4+ 23. Ka4 c3+ 24. b4 Bb6 25. Re1 Rxe1 26. Qxe1 g6 27. Bh6 Nf6 28. Qxc3 g5 29. Rc1 1-0

[Event "Titled Tuesday intern op1 3rd March"]
[Site "Chess.com INT"]
[Date "2020.03.03"]
[Round "1"]
[White "Li, William"]
[Black "Bolourchifard, Farzad"]
[Result "0-1"]
[WhiteElo "2198"]
[BlackElo "2292"]
[PlyCount "72"]
[EventDate "2020.03.03"]
[EventType "swiss (blitz)"]
[EventRounds "10"]
[EventCountry "USA"]
[SourceTitle "EXT 2021"]
[Source "ChessBase"]
[SourceDate "2020.10.23"]
[SourceVersion "1"]
[SourceVersionDate "2020.10.23"]
[SourceQuality "1"]

1. e4 c6 2. d4 d5 3. exd5 cxd5 4. c4 Nf6 5. Nc3 Nc6 6. Bg5 Be6 7. c5 g6 8. Nf3 Bg7 9. Bb5 0-0 10. 0-0 Ne4 11. Be3 f5 12. Bxc6 bxc6 13. Bf4 h6 14. Be5 Qa5 15. Qd3 Qb4 16. Rab1 Qb7 17. b4 a6 18. a4 Bxe5 19. Nxe5 Kg7 20. b5 axb5 21. axb5 Ra3 22. Rfc1 cxb5 23. f3 Nxc3 24. Rxc3 Rxc3 25. Qxc3 Ra8 26. c6 Qb6 27. Kh1 Rc8 28. Qb4 Kf6 29. f4 Rc7 30. h3 g5 31. fxg5+ hxg5 32. Kh2 Ra7 33. h4 g4 34. Qd2 Kg7 35. Qg5+ Kf8 36. Qh6+ Ke8 0-1

[Event "Titled Tuesday intern op1 4th Febr"]
[Site "Chess.com INT"]
[Date "2020.02.04"]
[Round "8"]
[White "Li, William"]
[Black "Buchenau, Frank"]
[Result "1/2-1/2"]
[WhiteElo "2198"]
[BlackElo "2277"]
[PlyCount "135"]
[EventDate "2020.02.04"]
[EventType "swiss (blitz)"]
[EventRounds "10"]
[EventCountry "USA"]
[SourceTitle "EXT 2021"]
[Source "ChessBase"]
[SourceDate "2020.10.23"]
[SourceVersion "1"]
[SourceVersionDate "2020.10.23"]
[SourceQuality "1"]

1. d4 e6 2. e4 d5 3. Nd2 Nf6 4. e5 Nfd7 5. f4 c5 6. c3 Nc6 7. Ndf3 Qb6 8. g3 cxd4 9. cxd4 Bb4+ 10. Kf2 f6 11. Kg2 0-0 12. Bd3 Rf7 13. Ne2 Nf8 14. h4 Bd7 15. g4 Rc8 16. Be3 Be7 17. Rb1 Nb4 18. f5 Nxd3 19. Qxd3 Bb5 20. Qd2 exf5 21. gxf5 Qa6 22. Nf4 fxe5 23. dxe5 Rxf5 24. Qxd5+ Kh8 25. Qe4 g6 26. Nd4 Bc6 27. Nxc6 Qxc6 28. Qxc6 Rxc6 29. Rbc1 Kg8 30. Rxc6 bxc6 31. Nd3 Nd7 32. e6 Ne5 33. Nxe5 Rxe5 34. Bxa7 Rxe6 35. Kf3 c5 36. a3 Kf7 37. h5 g5 38. Rc1 Re5 39. Bb8 Rf5+ 40. Ke4 Ke6 41. h6 Rf2 42. b4 cxb4 43. axb4 Rb2 44. Rc7 Rxb4+ 45. Kf3 Rxb8 46. Rc6+ Bd6 47. Kg4 Rb5 48. Ra6 Rc5 49. Rb6 Kd7 50. Rb7+ Bc7 51. Ra7 Kc6 52. Ra6+ Bb6 53. Ra8 Rd5 54. Rh8 Rd7 55. Kxg5 Kd5 56. Rg8 Be3+ 57. Kh5 Re7 58. Rg7 Ke6 59. Rxe7+ Kxe7 60. Kg4 Kf7 61. Kh3 Kf6 62. Kg2 Bxh6 63. Kh1 Bg5 64. Kg2 h5 65. Kh1 h4 66. Kg2 Kf5 67. Kh1 Kg4 68. Kg2 1/2-1/2

[Event "Titled Tuesday intern op1 4th Febr"]
[Site "Chess.com INT"]
[Date "2020.02.04"]
[Round "2"]
[White "Li, William"]
[Black "Pchelkin, Vladimir"]
[Result "0-1"]
[WhiteElo "2198"]
[BlackElo "1546"]
[PlyCount "54"]
[EventDate "2020.02.04"]
[EventType "swiss (blitz)"]
[EventRounds "10"]
[EventCountry "USA"]
[SourceTitle "EXT 2021"]
[Source "ChessBase"]
[SourceDate "2020.10.23"]
[SourceVersion "1"]
[SourceVersionDate "2020.10.23"]
[SourceQuality "1"]

1. e4 e6 2. d4 d5 3. Nd2 c5 4. exd5 Qxd5 5. Ngf3 cxd4 6. Bc4 Qd6 7. 0-0 Nf6 8. Nb3 Nc6 9. Nbxd4 Nxd4 10. Nxd4 Bd7 11. c3 Qc7 12. Bb3 0-0-0 13. Qf3 e5 14. Nc2 h5 15. Bg5 e4 16. Qg3 Bd6 17. Qh4 Rdf8 18. Nb4 Be6 19. Bxe6+ fxe6 20. Nc2 Nh7 21. Nd4 Bxh2+ 22. Kh1 Qe5 23. Be7 Bf4 24. Bxf8 Nxf8 25. Rae1 g5 26. Qh3 g4 27. Qh4 Ng6 0-1

[Event "Titled Tuesday intern op1 4th Febr"]
[Site "Chess.com INT"]
[Date "2020.02.04"]
[Round "4"]
[White "Stead, Kerry"]
[Black "Li, William"]
[Result "0-1"]
[WhiteElo "1978"]
[BlackElo "2198"]
[PlyCount "58"]
[EventDate "2020.02.04"]
[EventType "swiss (blitz)"]
[EventRounds "10"]
[EventCountry "USA"]
[SourceTitle "EXT 2021"]
[Source "ChessBase"]
[SourceDate "2020.10.23"]
[SourceVersion "1"]
[SourceVersionDate "2020.10.23"]
[SourceQuality "1"]

1. d4 Nf6 2. f3 d5 3. e4 dxe4 4. Nc3 c5 5. Bb5+ Bd7 6. dxc5 Qa5 7. Bxd7+ Nbxd7 8. a3 Qxc5 9. fxe4 e6 10. Nf3 Bd6 11. Qe2 Qb6 12. Nd1 Ng4 13. c3 0-0 14. Ne3 Nxe3 15. Bxe3 Bc5 16. Bxc5 Nxc5 17. 0-0-0 Rfd8 18. Rxd8+ Rxd8 19. Rd1 Rxd1+ 20. Qxd1 Nxe4 21. Qd7 h6 22. Qe8+ Kh7 23. Qxf7 Qe3+ 24. Kc2 Qe2+ 25. Kb3 Nc5+ 26. Kb4 b6 27. a4 Qxb2+ 28. Kc4 Qe2+ 29. Kd4 Qe4# 0-1

[Event "Titled Tuesday intern op 7th Januar"]
[Site "Chess.com INT"]
[Date "2020.01.07"]
[Round "7"]
[White "Leenhouts, Koen"]
[Black "Li, William"]
[Result "1-0"]
[WhiteElo "2412"]
[BlackElo "2198"]
[PlyCount "31"]
[EventDate "2020.01.07"]
[EventType "swiss (blitz)"]
[EventRounds "10"]
[EventCountry "USA"]
[SourceTitle "EXT 2021"]
[Source "ChessBase"]
[SourceDate "2020.10.23"]
[SourceVersion "1"]
[SourceVersionDate "2020.10.23"]
[SourceQuality "1"]

1. d4 Nf6 2. c4 b6 3. Nc3 Bb7 4. d5 e6 5. Nf3 Bb4 6. Bg5 h6 7. Bxf6 Qxf6 8. Rc1 0-0 9. e3 d6 10. Be2 Nd7 11. 0-0 Bxc3 12. Rxc3 e5 13. Nd2 Qg6 14. e4 f5 15. exf5 Qxf5 16. Bg4 1-0

[Event "Titled Tuesday intern op 7th Januar"]
[Site "Chess.com INT"]
[Date "2020.01.07"]
[Round "4"]
[White "Li, William"]
[Black "Hnydiuk, Aleksander"]
[Result "0-1"]
[WhiteElo "2198"]
[BlackElo "2402"]
[PlyCount "52"]
[EventDate "2020.01.07"]
[EventType "swiss (blitz)"]
[EventRounds "10"]
[EventCountry "USA"]
[SourceTitle "EXT 2021"]
[Source "ChessBase"]
[SourceDate "2020.10.23"]
[SourceVersion "1"]
[SourceVersionDate "2020.10.23"]
[SourceQuality "1"]

1. d4 Nf6 2. Nf3 g6 3. Bf4 Bg7 4. e3 c5 5. d5 b5 6. Nc3 Qa5 7. Qd2 b4 8. Nb5 d6 9. Bxd6 exd6 10. Nxd6+ Ke7 11. Nc4 Qd8 12. d6+ Kf8 13. h4 Bb7 14. 0-0-0 Nbd7 15. Ng5 h6 16. Nh3 Ne4 17. Qe1 Qxh4 18. f3 Qxe1 19. Rxe1 Ng3 20. Rg1 Ba6 21. Ne5 Nxe5 22. Bxa6 Rd8 23. f4 Ng4 24. d7 Nf6 25. Bc8 Nxd7 26. Bxd7 Rxd7 0-1

[Event "Titled Tuesday intern op 3rd Jan"]
[Site "Chess.com INT"]
[Date "2019.12.03"]
[Round "3"]
[White "Sonis, Francesco"]
[Black "Li, William"]
[Result "1-0"]
[WhiteElo "2456"]
[BlackElo "2191"]
[PlyCount "89"]
[EventDate "2019.12.03"]
[EventType "swiss (blitz)"]
[EventRounds "10"]
[EventCountry "USA"]
[SourceTitle "EXT 2021"]
[Source "ChessBase"]
[SourceDate "2020.10.23"]
[SourceVersion "1"]
[SourceVersionDate "2020.10.23"]
[SourceQuality "1"]

1. d4 Nf6 2. c4 b6 3. Qc2 Bb7 4. Nc3 d5 5. Nf3 e6 6. Bf4 Be7 7. e3 0-0 8. cxd5 Nxd5 9. Nxd5 Bxd5 10. Bd3 h6 11. e4 Bb7 12. 0-0-0 c5 13. d5 exd5 14. exd5 Bd6 15. Bxd6 Qxd6 16. Kb1 a6 17. h4 b5 18. Ng5 c4 19. Bh7+ Kh8 20. Bg8 f5 21. Nf7+ Rxf7 22. Bxf7 Nd7 23. Be6 Nc5 24. Bxf5 Rf8 25. f3 b4 26. Be4 b3 27. Qxc4 bxa2+ 28. Kxa2 Nxe4 29. fxe4 Rc8 30. Qb3 Rb8 31. Qa3 Qe5 32. Rhe1 a5 33. Ka1 a4 34. Qc3 Qf4 35. g3 Qf2 36. e5 a3 37. bxa3 Rc8 38. Qe3 Qg2 39. Rd2 Qh3 40. e6 Qf5 41. e7 Re8 42. d6 Bc6 43. Qc3 Bd7 44. Rdd1 Ra8 45. Rf1 1-0

[Event "Titled Tuesday intern op 5th Nov"]
[Site "Chess.com INT"]
[Date "2019.11.05"]
[Round "1"]
[White "Li, William"]
[Black "Cruz Lledo, Pablo"]
[Result "1-0"]
[WhiteElo "2191"]
[BlackElo "2452"]
[PlyCount "89"]
[EventDate "2019.11.05"]
[EventType "swiss (blitz)"]
[EventRounds "10"]
[EventCountry "USA"]
[SourceTitle "EXT 2021"]
[Source "ChessBase"]
[SourceDate "2020.10.23"]
[SourceVersion "1"]
[SourceVersionDate "2020.10.23"]
[SourceQuality "1"]

1. e4 c6 2. d4 d5 3. e5 g6 4. Nf3 Bg7 5. Be2 f6 6. h4 Bg4 7. Nfd2 Bxe2 8. Qxe2 fxe5 9. dxe5 Nd7 10. e6 Nc5 11. h5 Qd6 12. hxg6 hxg6 13. Rxh8 Bxh8 14. Nb3 Nxe6 15. Nc3 0-0-0 16. Be3 d4 17. 0-0-0 c5 18. Ne4 Qc6 19. Bd2 Nf6 20. Nxf6 Bxf6 21. Qg4 c4 22. Na5 Qd5 23. Re1 Rd6 24. Bb4 Ra6 25. b3 cxb3 26. Nxb3 Kd8 27. Qxg6 Qg5+ 28. Qxg5 Bxg5+ 29. Bd2 Bf6 30. g4 Kd7 31. Rxe6 Kxe6 32. Nc5+ Kd5 33. Nxa6 bxa6 34. f4 Ke4 35. f5 Bh4 36. Kb2 Kf3 37. g5 Ke4 38. f6 exf6 39. g6 d3 40. g7 f5 41. g8Q f4 42. Qe6+ Kf3 43. cxd3 Bf2 44. Qe4+ Kg3 45. Qxf4+ 1-0

[Event "Titled Tuesday intern op 5th Nov"]
[Site "Chess.com INT"]
[Date "2019.11.05"]
[Round "2"]
[White "Li, William"]
[Black "Ruiz, Joshua Daniel"]
[Result "1-0"]
[WhiteElo "2191"]
[BlackElo "1804"]
[PlyCount "89"]
[EventDate "2019.11.05"]
[EventType "swiss (blitz)"]
[EventRounds "10"]
[EventCountry "USA"]
[SourceTitle "EXT 2021"]
[Source "ChessBase"]
[SourceDate "2020.10.23"]
[SourceVersion "1"]
[SourceVersionDate "2020.10.23"]
[SourceQuality "1"]

1. e4 c5 2. Nf3 e6 3. d4 cxd4 4. Nxd4 Nc6 5. Nc3 Qc7 6. Be2 a6 7. 0-0 Nf6 8. Be3 Be7 9. f4 d6 10. Bf3 0-0 11. Nxc6 bxc6 12. Na4 e5 13. f5 Bb7 14. c4 Nd7 15. Qc2 Rac8 16. Rac1 h6 17. g4 Bg5 18. Qd2 Bxe3+ 19. Qxe3 c5 20. Nc3 Qd8 21. Rfd1 Nf6 22. Kh1 Nh7 23. Rd2 Qe7 24. Rcd1 Rfd8 25. Kg2 Bc6 26. Kg3 Qf8 27. h4 g6 28. g5 hxg5 29. hxg5 f6 30. fxg6 Nxg5 31. Bg4 Rb8 32. Rh2 Kg7 33. Rdh1 Be8 34. Rh7+ Kg8 35. Rh8+ Kg7 36. Rxf8 Kxf8 37. Bf5 Kg7 38. Nd5 Rxb2 39. Rh7+ Nxh7 40. gxh7 Bf7 41. Nxf6 Kxf6 42. Qh6+ Ke7 43. Qg5+ Ke8 44. h8Q+ Bg8 45. Qhxg8# 1-0

[Event "Titled Tuesday intern op 5th Nov"]
[Site "Chess.com INT"]
[Date "2019.11.05"]
[Round "8"]
[White "Prado Lobo, Jonas"]
[Black "Li, William"]
[Result "1-0"]
[WhiteElo "2306"]
[BlackElo "2191"]
[PlyCount "83"]
[EventDate "2019.11.05"]
[EventType "swiss (blitz)"]
[EventRounds "10"]
[EventCountry "USA"]
[SourceTitle "EXT 2021"]
[Source "ChessBase"]
[SourceDate "2020.10.23"]
[SourceVersion "1"]
[SourceVersionDate "2020.10.23"]
[SourceQuality "1"]

1. d4 Nf6 2. c4 b6 3. Nc3 Bb7 4. f3 d5 5. cxd5 Nxd5 6. e4 Nxc3 7. bxc3 e6 8. Bd3 c5 9. Ne2 Be7 10. 0-0 0-0 11. Be3 cxd4 12. cxd4 Nc6 13. Kh1 Nb4 14. Bc4 Rc8 15. Qb3 Rxc4 16. Qxc4 Ba6 17. Qc3 Bxe2 18. Rfb1 Qc8 19. Qd2 Qc2 20. Rxb4 Qxd2 21. Bxd2 Bxb4 22. Bxb4 Rc8 23. d5 exd5 24. exd5 a5 25. Bd2 Rd8 26. Be3 Rxd5 27. Bxb6 a4 28. Kg1 g6 29. Rc1 a3 30. Be3 Rb5 31. Rc8+ Kg7 32. Bd4+ Kh6 33. Ra8 Bc4 34. Rxa3 Rb1+ 35. Kf2 Rf1+ 36. Kg3 f5 37. Ra7 Re1 38. h4 Re2 39. Bf6 f4+ 40. Kxf4 Bg8 41. Bg5+ Kh5 42. g4# 1-0